| 000 | 00905cab a2200301 4500 | ||
|---|---|---|---|
| 001 | WB3328-03 | ||
| 008 | 090401t1997 xxu||||| |||| 00| 0 eng d | ||
| 035 | _a(Sirsi) u79693 | ||
| 041 | _aeng | ||
| 245 | _aConstruction for the future | ||
| 260 | _c1997 | ||
| 350 | _a0 | ||
| 490 |
_aTimes _v17 July 1997, 38-41(4)(LOAN) |
||
| 520 | _aLooks at the future of the construction industry in the light of its recent recovery and the launching of the new Construction Confederation. | ||
| 650 | _aCIVIL ENGINEERING | ||
| 650 | _aCONSTRUCTION CONFEDERATION | ||
| 650 | _aCONSTRUCTION MARKET | ||
| 650 | _aECONOMIC ANALYSIS | ||
| 650 | _aFUTURE | ||
| 650 | _aOVERSEAS | ||
| 650 | _aPRIVATE FINANCE INITIATIVE | ||
| 650 | _aRECOVERY | ||
| 650 | _aRESEARCH AND DEVELOPMENT | ||
| 650 | _aCAREERS, EDUCATION AND TRAINING | ||
| 690 | _aBUILT ENVIRONMENT | ||
| 942 | _n0 | ||
| 948 | _c17/07/1997 | ||
| 999 |
_c50123 _d50123 |
||